Statistics for Asian Games Host

Click here to take the quiz!

General Stats

  • This quiz has been taken 241 times
    (108 since last reset)
  • The average score is 21 of 24

Answer Stats

YearHost CountryCity% Correct
1951IndiaNew Delhi
100%
1982IndiaNew Delhi
100%
1958JapanTokyo
100%
1990ChinaBeijing
99%
1962IndonesiaJakarta
99%
2018IndonesiaJakarta
99%
1998ThailandBangkok
98%
1978ThailandBangkok
98%
1970Bangkok
98%
1966ThailandBangkok
98%
1986South KoreaSeoul
96%
1954PhilippinesManila
94%
2006QatarDoha
91%
2030QatarDoha
91%
2034Saudi ArabiaRiyadh
91%
1974IranTehran
89%
2010ChinaGuangzhou
81%
2002South KoreaBusan
78%
2014South KoreaIncheon
73%
2018Palembang
73%
Nagoya
67%
2022ChinaHangzhou
60%
1994JapanHiroshima
53%
2026JapanAichi
28%

Score Distribution

Percentile by Number Answered

Percent of People with Each Score

Your Score History

You have not taken this quiz since the last reset